000 01181cam a22003255i 4500
001 2931
003 FISKH
005 20240124093921.0
008 230119s2017 caua 000 0 eng
010 _a 2022278776
020 _a9781480785151
020 _a9781407109084
040 _aDLC
_beng
_erda
_cDLC
042 _apcc
050 _aPZ7.C6837
082 _a813.6
100 1 _aCollins, Suzanne,
245 1 4 _aThe hunger games /
_cSuzanne Collins
250 _aThis edition published in 2009
260 _aLondon :
_bScholastic,
_c2008
300 _a436 pages :
_c20 cm
336 _atext
_btxt
_2rdacontent
337 _aunmediated
_bn
_2rdamedia
338 _avolume
_bnc
_2rdacarrier
520 _aIn a future North America, where the rulers of Panem maintain control through an annual televised survival competition pitting young people from each of the twelve districts against one another, sixteen-year-old Katniss's skills are put to the test when she voluntarily takes her younger sister's place.
650 _aAdventure
_vScience Fiction
650 _aDystopian
_vFantasy
906 _a0
_bibc
_corignew
_d1
_encip
_f20
_gy-gencatlg
942 _2ddc
_cBK
_n0
999 _c2931
_d2931